[Event "BCF-chT3E 2224 (4NCL)"]
[Site "England"]
[Date "2024.01.14"]
[Round "4.31"]
[White "Hedger, Alec"]
[Black "Cooksey, Paul S"]
[Result "1/2-1/2"]
[WhiteElo "2095"]
[BlackElo "2336"]
[PlyCount "95"]
[EventDate "2023.11.11"]
[EventType "team-tourn"]
[EventRounds "11"]
[EventCountry "ENG"]
[SourceTitle "CB11_2024"]
[SourceDate "2024.03.13"]
[SourceVersion "1"]
[SourceVersionDate "2024.03.13"]
[SourceQuality "1"]
[WhiteTeam "Sussex Martlets II"]
[BlackTeam "Crowthorne A"]
[WhiteTeamCountry "ENG"]
[BlackTeamCountry "ENG"]

1. e4 c6 2. d4 d5 3. exd5 cxd5 4. c4 Nf6 5. Nc3 g6 6. Qb3 Bg7 7. cxd5 0-0 8. Be2 Na6 9. Bf3 Qb6 10. Nge2 Qxb3 11. axb3 Rd8 12. 0-0 Nc7 13. d6 exd6 14. Bf4 a6 15. Rfc1 Rb8 16. Na4 Ncd5 17. Bg5 h6 18. Bxf6 Nxf6 19. h3 Be6 20. Nb6 d5 21. Nf4 Rd6 22. Na4 Bf5 23. Rc7 Be4 24. Nc5 Bxf3 25. gxf3 Rb6 26. Re1 Bf8 27. Nd7 Nxd7 28. Rxd7 Rxb3 29. Nxd5 Rxf3 30. Kg2 Rf5 31. Rc1 b5 32. Rcc7 a5 33. Ne3 Rf6 34. Ng4 Rf5 35. Ne5 a4 36. h4 b4 37. Ra7 a3 38. bxa3 bxa3 39. Nc4 h5 40. Ne3 Rf6 41. Nd5 Rf5 42. Ne3 Rf6 43. Nd5 Rd6 44. Ne7+ Bxe7 45. Rxe7 Rf8 46. Re4 Rfd8 47. Ree7 Rf6 48. Re4 1/2-1/2

[Event "BCF-chT3E 2224 (4NCL)"]
[Site "England"]
[Date "2024.01.13"]
[Round "3.31"]
[White "Cooksey, Paul S"]
[Black "Farrand, Tom"]
[Result "1-0"]
[WhiteElo "2336"]
[BlackElo "2149"]
[PlyCount "81"]
[EventDate "2023.11.11"]
[EventType "team-tourn"]
[EventRounds "11"]
[EventCountry "ENG"]
[SourceTitle "CB11_2024"]
[SourceDate "2024.03.13"]
[SourceVersion "1"]
[SourceVersionDate "2024.03.13"]
[SourceQuality "1"]
[WhiteTeam "Crowthorne A"]
[BlackTeam "Kingston II"]
[WhiteTeamCountry "ENG"]
[BlackTeamCountry "ENG"]

1. d4 e6 2. Nf3 f5 3. c4 Nf6 4. e3 Bb4+ 5. Nbd2 b6 6. a3 Bxd2+ 7. Nxd2 Bb7 8. f3 Qe7 9. b3 e5 10. d5 d6 11. Bb2 Nbd7 12. Qc2 g6 13. Be2 a5 14. Nb1 b5 15. Nc3 bxc4 16. Bxc4 0-0 17. 0-0 Nb6 18. Rfd1 h6 19. Rac1 Kh7 20. Rd2 Nh5 21. Bf1 Rac8 22. Qd1 Qg5 23. Qe1 Qe7 24. Bb5 Nf6 25. Qd1 Rfd8 26. Be2 Rf8 27. a4 Ne8 28. Bf1 Qg5 29. Qe1 c6 30. dxc6 Bxc6 31. Ba3 Bxf3 32. Bxd6 Rf6 33. Bxe5 Rfc6 34. Bb5 Rc5 35. Bd4 Rxc3 36. Rxc3 Rxc3 37. Bxc3 Nd5 38. Bxe8 Nxc3 39. Rf2 Ne2+ 40. Rxe2 Bxe2 41. Qxe2 1-0

[Event "BCF-chT3E 2223 (4NCL)"]
[Site "England"]
[Date "2022.11.06"]
[Round "2.11"]
[White "Lohia, Sohum"]
[Black "Cooksey, Paul S"]
[Result "1/2-1/2"]
[WhiteElo "2136"]
[BlackElo "2284"]
[PlyCount "93"]
[EventDate "2022.11.05"]
[EventType "team-tourn"]
[EventRounds "11"]
[EventCountry "ENG"]
[SourceTitle "EXT 2024"]
[Source "ChessBase"]
[SourceDate "2023.10.10"]
[SourceVersion "1"]
[SourceVersionDate "2023.10.10"]
[SourceQuality "1"]
[WhiteTeam "Watford"]
[BlackTeam "Crowthorne"]
[WhiteTeamCountry "ENG"]
[BlackTeamCountry "ENG"]

1. e4 c6 2. d4 d5 3. e5 Bf5 4. h4 h5 5. Bd3 Bxd3 6. Qxd3 e6 7. Bg5 Be7 8. Nf3 Nd7 9. Nbd2 Nh6 10. 0-0 Nf5 11. Bxe7 Qxe7 12. g3 0-0 13. c4 dxc4 14. Nxc4 Rfd8 15. Ne3 g6 16. Nxf5 exf5 17. Qe3 Nf8 18. a4 Ne6 19. a5 a6 20. Rfc1 Rd5 21. Rc4 Rad8 22. b4 R8d7 23. Rd1 Qd8 24. Qc3 Qf8 25. Rc1 Qh6 26. Kg2 Rd8 27. Qe3 Qf8 28. Qc3 Qe7 29. Rd1 Rb5 30. Qe1 Qd7 31. Qe2 Qd5 32. Rd2 f4 33. Rc5 Qd7 34. Rxb5 axb5 35. Qe4 fxg3 36. fxg3 Ng7 37. Ng5 Nf5 38. e6 fxe6 39. Qxe6+ Qxe6 40. Nxe6 Re8 41. Re2 Re7 42. Kf2 Rf7 43. Kg2 Rd7 44. Re4 Re7 45. Kf2 Nd6 46. Re2 Nf5 47. Re4 1/2-1/2

[Event "BCF-chT3Sb 1920 (4NCL)"]
[Site "England"]
[Date "2019.11.09"]
[Round "1.71"]
[White "Stanisz, Patryk"]
[Black "Cooksey, Paul S"]
[Result "0-1"]
[WhiteElo "2139"]
[BlackElo "2305"]
[PlyCount "112"]
[EventDate "2019.11.09"]
[EventType "team-tourn"]
[EventRounds "11"]
[EventCountry "ENG"]
[SourceTitle "EXT 2023"]
[Source "ChessBase"]
[SourceDate "2022.10.05"]
[SourceVersion "1"]
[SourceVersionDate "2022.10.05"]
[SourceQuality "1"]
[WhiteTeam "Cambridge University II"]
[BlackTeam "Crowthorne"]
[WhiteTeamCountry "ENG"]
[BlackTeamCountry "ENG"]

1. d4 d5 2. c4 c6 3. Nf3 Nf6 4. Nc3 a6 5. cxd5 cxd5 6. Bf4 Nc6 7. e3 Bg4 8. Rc1 e6 9. Qb3 Bxf3 10. gxf3 Ra7 11. Bg5 Be7 12. Bxf6 Bxf6 13. Bd3 0-0 14. f4 Qd6 15. Ne2 g6 16. Qb6 Rfa8 17. a3 Bd8 18. Qc5 Qd7 19. Qc2 Ne7 20. Ng3 Rc8 21. Qd1 Rxc1 22. Qxc1 b5 23. 0-0 Nc8 24. Qb1 Nd6 25. b3 Be7 26. Rc1 Ne8 27. Qb2 Ra8 28. Rc2 Bd6 29. Qc1 Kg7 30. Qa1 Qe7 31. a4 bxa4 32. bxa4 a5 33. Qd1 Rb8 34. Qe2 Rb4 35. Bb5 Rb1+ 36. Kg2 Bb4 37. Qd3 Nd6 38. Bc6 Ra1 39. Qa6 h5 40. Qe2 Qf6 41. Bb5 h4 42. Nf1 Ne4 43. h3 Nc3 44. Qd3 Ra3 45. Be8 Qe7 46. Bc6 Nxa4 47. Qa6 Nc3 48. Nh2 Qf6 49. Nf3 Qf5 50. Rc1 Ra2 51. Be8 Ne4 52. Rf1 Nd6 53. Bd7 Nc4 54. Nxh4 Nxe3+ 55. Kg1 Qxf4 56. Bxe6 Nxf1 0-1

[Event "BCF-chT4S 1819 (4NCL)"]
[Site "England"]
[Date "2019.05.06"]
[Round "11.11"]
[White "Smith, Olivia"]
[Black "Cooksey, Paul S"]
[Result "0-1"]
[WhiteElo "2110"]
[BlackElo "2278"]
[PlyCount "100"]
[EventDate "2018.11.17"]
[EventType "team-swiss"]
[EventRounds "11"]
[EventCountry "ENG"]
[SourceTitle "EXT 2021"]
[Source "ChessBase"]
[SourceDate "2020.10.23"]
[SourceVersion "1"]
[SourceVersionDate "2020.10.23"]
[SourceQuality "1"]
[WhiteTeam "Fischer's Catch"]
[BlackTeam "Crowthorne"]
[WhiteTeamCountry "WLS"]
[BlackTeamCountry "ENG"]

1. e4 c6 2. d3 d5 3. Nd2 e5 4. Ngf3 Bd6 5. g3 Nf6 6. Bg2 0-0 7. 0-0 Re8 8. Re1 Bg4 9. h3 Bxf3 10. Nxf3 dxe4 11. dxe4 Qc7 12. Qe2 Nbd7 13. Nh4 b5 14. Nf5 Bf8 15. Bg5 h6 16. Bd2 Kh7 17. g4 g6 18. Ng3 Bg7 19. a4 a6 20. Ra3 Nc5 21. axb5 axb5 22. Rea1 Rxa3 23. Rxa3 Ne6 24. Be3 Nd4 25. Bxd4 exd4 26. Qd2 Bf8 27. Ra6 Bc5 28. g5 Nd7 29. e5 Nxe5 30. Ne4 Be7 31. f4 Nc4 32. Qxd4 hxg5 33. fxg5 c5 34. Qf2 Kg7 35. b3 Ne5 36. Ra1 Rd8 37. Qh4 c4 38. bxc4 Qxc4 39. Kh1 Rh8 40. Qf4 Qe6 41. Ra6 Qd5 42. Kh2 Rc8 43. Nf6 Qc5 44. Qh4 Rh8 45. Qe4 Bd6 46. Kh1 Bb8 47. Nd5 Qf2 48. Ra8 Rxh3+ 49. Bxh3 Nf3 50. Bg2 Qg1# 0-1

[Event "BCF-chT4S 1819 (4NCL)"]
[Site "England"]
[Date "2019.01.12"]
[Round "3.31"]
[White "Cooksey, Paul S"]
[Black "Pink, Joshua"]
[Result "1-0"]
[WhiteElo "2278"]
[BlackElo "2020"]
[PlyCount "61"]
[EventDate "2018.11.17"]
[EventType "team-swiss"]
[EventRounds "11"]
[EventCountry "ENG"]
[SourceTitle "EXT 2021"]
[Source "ChessBase"]
[SourceDate "2020.10.23"]
[SourceVersion "1"]
[SourceVersionDate "2020.10.23"]
[SourceQuality "1"]
[WhiteTeam "Crowthorne"]
[BlackTeam "Throw in the Tal"]
[WhiteTeamCountry "ENG"]
[BlackTeamCountry "ENG"]

1. d4 Nf6 2. Nf3 g6 3. c3 Bg7 4. Bg5 d6 5. Nbd2 Nbd7 6. e4 0-0 7. Be2 c5 8. d5 h6 9. Bh4 Nh5 10. 0-0 g5 11. Bg3 Nxg3 12. hxg3 f5 13. exf5 Rxf5 14. Nc4 Rf8 15. Bd3 b5 16. Ne3 c4 17. Bc2 Ne5 18. Nxe5 Bxe5 19. Qh5 Bg7 20. a4 Rb8 21. axb5 Rxb5 22. Qg6 Rf6 23. Qh7+ Kf7 24. Rxa7 Rxb2 25. Re1 Bd7 26. Bf5 Bc8 27. Bxc8 Qxc8 28. Rxe7+ Kxe7 29. Qxg7+ Rf7 30. Nf5+ Kd8 31. Qxf7 1-0

[Event "BCF-chT4S 1718 (4NCL)"]
[Site "England"]
[Date "2018.05.07"]
[Round "11.31"]
[White "Cooksey, Paul S"]
[Black "Wallace, John Paul"]
[Result "1/2-1/2"]
[WhiteElo "2292"]
[BlackElo "2399"]
[PlyCount "111"]
[EventDate "2017.11.11"]
[EventType "team-swiss"]
[EventRounds "11"]
[EventCountry "ENG"]
[SourceTitle "EXT 2020"]
[Source "ChessBase"]
[SourceDate "2019.10.17"]
[SourceVersion "1"]
[SourceVersionDate "2019.10.17"]
[SourceQuality "1"]
[WhiteTeam "Crowthorne"]
[BlackTeam "All Anands on Deck"]
[WhiteTeamCountry "ENG"]
[BlackTeamCountry "ENG"]

1. d4 d6 2. Nf3 Nf6 3. c4 g6 4. g3 Bg7 5. Bg2 0-0 6. Nc3 Nc6 7. 0-0 Bg4 8. d5 Na5 9. Qd3 c5 10. h3 Bd7 11. e4 a6 12. Bd2 b5 13. b3 Rb8 14. Rac1 Qc7 15. Rfe1 bxc4 16. bxc4 Rb2 17. Bf1 Rfb8 18. Rb1 R2b4 19. Rxb4 cxb4 20. Nd1 b3 21. Bxa5 Qxa5 22. axb3 Qb4 23. e5 dxe5 24. Rxe5 Qa3 25. Nd4 Qd6 26. Re3 e6 27. dxe6 fxe6 28. Nxe6 Qxd3 29. Bxd3 Rxb3 30. Nxg7 Kxg7 31. g4 g5 32. Kf1 a5 33. Ke2 a4 34. Re5 h6 35. Ra5 Bc6 36. Ra7+ Kg8 37. Ra6 Be4 38. Bxe4 Nxe4 39. Rxa4 Rxh3 40. Ra7 Rb3 41. Rc7 Nf6 42. Ne3 h5 43. gxh5 Nxh5 44. Nd5 g4 45. Kd2 Rf3 46. Ke1 g3 47. fxg3 Nxg3 48. c5 Rf1+ 49. Kd2 Rf7 50. Rc8+ Rf8 51. Nf6+ Kg7 52. Rxf8 Kxf8 53. c6 Ke7 54. c7 Ne4+ 55. Kd3 Nd6 56. Nd5+ 1/2-1/2

[Event "South Wales op 10th"]
[Site "Penarth"]
[Date "2013.07.16"]
[Round "5"]
[White "Petrov, Marian"]
[Black "Cooksey, Paul S"]
[Result "1-0"]
[WhiteElo "2478"]
[BlackElo "2293"]
[PlyCount "97"]
[EventDate "2013.07.14"]
[EventType "swiss"]
[EventRounds "9"]
[EventCountry "WLS"]
[SourceTitle "CBM 155 Extra"]
[Source "ChessBase"]
[SourceDate "2013.08.26"]
[SourceVersion "1"]
[SourceVersionDate "2013.08.26"]
[SourceQuality "1"]

1. e4 d6 2. d4 Nf6 3. Nc3 e5 4. Nf3 Nbd7 5. Bc4 Be7 6. 0-0 0-0 7. Re1 c6 8. a4 b6 9. b3 a6 10. Bb2 Bb7 11. Bd3 Qc7 12. Ne2 Rfe8 13. Ng3 Bf8 14. Qd2 g6 15. a5 b5 16. c4 Bg7 17. Rac1 bxc4 18. Bxc4 exd4 19. Bxd4 Ne5 20. Nxe5 dxe5 21. Bb6 Qd7 22. Qa2 Bc8 23. Red1 Qe7 24. Bc5 Qb7 25. Rd6 Be6 26. Bxe6 Rxe6 27. Rxe6 fxe6 28. b4 Kf7 29. Rd1 Bf8 30. Bxf8 Rxf8 31. Rd6 Qe7 32. Rxc6 Rb8 33. Rxa6 Rxb4 34. Rb6 Rxb6 35. axb6 Nd7 36. Qa7 Qd6 37. b7 Ke7 38. h4 Qb8 39. Qxb8 Nxb8 40. h5 Kd6 41. Kh2 Kc7 42. Kh3 gxh5 43. Nxh5 Nd7 44. Kg4 Kxb7 45. Kg5 Kc6 46. Nf6 Nf8 47. Kh6 Kc5 48. Nxh7 Nd7 49. g4 1-0

[Event "South Wales op 10th"]
[Site "Penarth"]
[Date "2013.07.14"]
[Round "3"]
[White "Freeland, Alex"]
[Black "Cooksey, Paul S"]
[Result "0-1"]
[WhiteElo "1844"]
[BlackElo "2293"]
[PlyCount "48"]
[EventDate "2013.07.14"]
[EventType "swiss"]
[EventRounds "9"]
[EventCountry "WLS"]
[SourceTitle "CBM 155 Extra"]
[Source "ChessBase"]
[SourceDate "2013.08.26"]
[SourceVersion "1"]
[SourceVersionDate "2013.08.26"]
[SourceQuality "1"]

1. e4 d6 2. d4 Nf6 3. Nc3 e5 4. Nf3 Nbd7 5. Bc4 Be7 6. 0-0 0-0 7. Re1 c6 8. a4 b6 9. d5 cxd5 10. Nxd5 Bb7 11. b3 Rc8 12. Re2 Nc5 13. Nxf6+ Bxf6 14. Bd5 Qd7 15. Bb2 Rfd8 16. Qd2 Ne6 17. g3 Bxd5 18. Qxd5 Nf4 19. gxf4 Qg4+ 20. Kf1 Qxf3 21. Rd2 Qxf4 22. Rad1 Qxh2 23. Qb7 Qh3+ 24. Ke1 Bg5 0-1

[Event "BCF-chT1d 1213 (4NCL) Demotion pool"]
[Site "England"]
[Date "2013.05.06"]
[Round "11.182"]
[White "Mason, Donald"]
[Black "Cooksey, Paul S"]
[Result "1/2-1/2"]
[WhiteElo "2222"]
[BlackElo "2279"]
[PlyCount "31"]
[EventDate "2012.11.03"]
[EventType "team-tourn"]
[EventRounds "4"]
[EventCountry "ENG"]
[SourceTitle "EXT 2014"]
[Source "ChessBase"]
[SourceDate "2013.11.20"]
[SourceVersion "1"]
[SourceVersionDate "2013.11.20"]
[SourceQuality "1"]
[WhiteTeam "Warwicks Select"]
[BlackTeam "BCM Dragons"]
[WhiteTeamCountry "ENG"]
[BlackTeamCountry "ENG"]

1. d4 d5 2. c4 c6 3. Nf3 Nf6 4. Nc3 dxc4 5. a4 Bf5 6. e3 e6 7. Bxc4 Bb4 8. 0-0 Nbd7 9. Qe2 Bg4 10. Rd1 Qa5 11. e4 Qh5 12. h3 Bxf3 13. Qxf3 Qxf3 14. gxf3 a5 15. Be3 0-0 16. Rac1 1/2-1/2

[Event "BCF-chT1d 1213 (4NCL) Demotion pool"]
[Site "England"]
[Date "2013.05.04"]
[Round "9.182"]
[White "Cooper, John Grantley"]
[Black "Cooksey, Paul S"]
[Result "0-1"]
[WhiteElo "2343"]
[BlackElo "2279"]
[PlyCount "82"]
[EventDate "2012.11.03"]
[EventType "team-tourn"]
[EventRounds "4"]
[EventCountry "ENG"]
[SourceTitle "EXT 2014"]
[Source "ChessBase"]
[SourceDate "2013.11.20"]
[SourceVersion "1"]
[SourceVersionDate "2013.11.20"]
[SourceQuality "1"]
[WhiteTeam "South Wales Dragons"]
[BlackTeam "BCM Dragons"]
[WhiteTeamCountry "ENG"]
[BlackTeamCountry "ENG"]

1. Nf3 d5 2. g3 Nf6 3. Bg2 c6 4. 0-0 Bg4 5. c4 e6 6. cxd5 exd5 7. d3 Be7 8. Nc3 0-0 9. h3 Bxf3 10. Bxf3 Nbd7 11. e4 dxe4 12. dxe4 Re8 13. Qc2 Bb4 14. Na4 Qe7 15. a3 Bd6 16. Rd1 Rad8 17. Be3 Ne5 18. Bg2 b5 19. Nc3 Nc4 20. Bd4 h5 21. a4 b4 22. Ne2 Na5 23. e5 Bxe5 24. Bc5 Rxd1+ 25. Rxd1 b3 26. Qc1 Bxb2 27. Bxe7 Bxc1 28. Bxf6 Rxe2 29. Bc3 b2 30. Rd8+ Kh7 31. Rb8 Nc4 32. Bf1 Nb6 33. Bxb2 Rxb2 34. Bd3+ g6 35. Rb7 Kg7 36. a5 Nd5 37. a6 Ra2 38. Rxa7 Bb2 39. Bc4 Ra4 40. Bb3 Ra1+ 41. Kg2 Bd4 0-1

[Event "SCO-ch 119th"]
[Site "Glasgow"]
[Date "2012.07.12"]
[Round "6"]
[White "Cilia Vincenti, David"]
[Black "Cooksey, Paul S"]
[Result "1/2-1/2"]
[WhiteElo "2091"]
[BlackElo "2298"]
[PlyCount "67"]
[EventDate "2012.07.07"]
[EventType "swiss"]
[EventRounds "9"]
[EventCountry "SCO"]
[SourceTitle "CBM 149 Extra"]
[Source "ChessBase"]
[SourceDate "2012.08.24"]
[SourceVersion "1"]
[SourceVersionDate "2012.08.24"]
[SourceQuality "1"]

1. d4 Nf6 2. c4 e6 3. Nc3 Bb4 4. Qc2 c5 5. dxc5 Bxc5 6. e3 b6 7. Nf3 Bb7 8. b3 a6 9. Bb2 Qc7 10. Be2 0-0 11. 0-0 Ng4 12. h3 Bxf3 13. hxg4 Bxe2 14. Qxe2 Nc6 15. Ne4 Be7 16. g5 e5 17. f4 Rfe8 18. fxe5 Nxe5 19. Qh5 Bc5 20. Nxc5 bxc5 21. Bxe5 Qxe5 22. Qxf7+ Kh8 23. Rad1 Qxe3+ 24. Kh1 Qxg5 25. Rxd7 a5 26. Rd5 Qh4+ 27. Kg1 Re1 28. Rdf5 Rxf1+ 29. Rxf1 Qd4+ 30. Qf2 Qd6 31. Qf4 Qe7 32. Qf7 Qe3+ 33. Qf2 Qe7 34. Qf7 1/2-1/2

[Event "BCF-chT2c 1112 (4NCL)"]
[Site "England"]
[Date "2012.04.01"]
[Round "8.43"]
[White "Wittmann, Jochen"]
[Black "Cooksey, Paul S"]
[Result "0-1"]
[WhiteElo "2216"]
[BlackElo "2273"]
[PlyCount "68"]
[EventDate "2011.11.12"]
[EventType "team-swiss"]
[EventRounds "11"]
[EventCountry "ENG"]
[SourceTitle "EXT 2013"]
[Source "ChessBase"]
[SourceDate "2012.11.22"]
[SourceVersion "1"]
[SourceVersionDate "2012.11.22"]
[SourceQuality "1"]
[WhiteTeam "Kings Head"]
[BlackTeam "AMCA Dragons"]
[WhiteTeamCountry "ENG"]
[BlackTeamCountry "ENG"]

1. f4 d5 2. Nf3 g6 3. g3 Bg7 4. Bg2 e6 5. d3 Ne7 6. e4 dxe4 7. dxe4 Qxd1+ 8. Kxd1 b6 9. e5 Bb7 10. Ne1 Nbc6 11. c3 g5 12. Nd2 0-0-0 13. Kc2 gxf4 14. gxf4 Bh6 15. Rf1 Rhg8 16. Bh1 Ba6 17. c4 Nd4+ 18. Kc3 Bxf4 19. Nd3 Ne2+ 20. Kc2 Rxd3 21. Kxd3 Nxc1+ 22. Raxc1 Rd8+ 23. Kc2 Bxd2 24. Rcd1 Bg5 25. Rxf7 Rxd1 26. Kxd1 h6 27. b3 Ng6 28. Ke1 Bb7 29. Rg7 Bxh1 30. Rxg6 Be4 31. Rg8+ Kd7 32. Rg7+ Kc6 33. b4 Bd3 34. b5+ Kb7 0-1

[Event "BCF-chT2b 1112 (4NCL)"]
[Site "England"]
[Date "2012.01.15"]
[Round "4.1"]
[White "Cooksey, Paul S"]
[Black "Carleton, John Joseph"]
[Result "1-0"]
[WhiteElo "2273"]
[BlackElo "2293"]
[PlyCount "47"]
[EventDate "2011.11.12"]
[EventType "team-match"]
[EventRounds "7"]
[EventCountry "ENG"]
[SourceTitle "EXT 2013"]
[Source "ChessBase"]
[SourceDate "2012.11.22"]
[SourceVersion "1"]
[SourceVersionDate "2012.11.22"]
[SourceQuality "1"]
[WhiteTeam "AMCA Dragons"]
[BlackTeam "Spirit of Atticus"]
[WhiteTeamCountry "ENG"]
[BlackTeamCountry "ENG"]

1. d4 d5 2. c4 e6 3. Nf3 Nf6 4. Nc3 Bb4 5. e3 0-0 6. Bd3 dxc4 7. Bxc4 Nc6 8. 0-0 a6 9. h3 h6 10. Qc2 Bd6 11. a3 e5 12. b4 exd4 13. exd4 Bd7 14. Re1 Re8 15. Bxh6 Rxe1+ 16. Rxe1 Qf8 17. Bg5 Nh7 18. Bh4 Re8 19. Rxe8 Qxe8 20. Ne4 Be7 21. Bg3 Qc8 22. d5 Nd8 23. Bd3 Nf8 24. Qxc7 1-0

[Event "BCF-chT2 1011 (4NCL)"]
[Site "England"]
[Date "2010.11.06"]
[Round "1.51"]
[White "Purton, Benjamin"]
[Black "Cooksey, Paul S"]
[Result "1/2-1/2"]
[WhiteElo "2147"]
[BlackElo "2267"]
[PlyCount "27"]
[EventDate "2010.11.06"]
[EventType "team-swiss"]
[EventRounds "11"]
[EventCountry "ENG"]
[SourceTitle "EXT 2012"]
[Source "ChessBase"]
[SourceDate "2011.11.24"]
[SourceVersion "1"]
[SourceVersionDate "2011.11.24"]
[SourceQuality "1"]
[WhiteTeam "Sambuca Black Sheep"]
[BlackTeam "Guildford A&DC II"]
[WhiteTeamCountry "ENG"]
[BlackTeamCountry "ENG"]

1. e4 c5 2. Nf3 e6 3. c4 a6 4. Nc3 Qc7 5. g3 b6 6. Bg2 Bb7 7. 0-0 Be7 8. Qe2 Nc6 9. d3 Bf6 10. Be3 Nge7 11. Rad1 Nd4 12. Bxd4 Bxd4 13. Nxd4 cxd4 14. Nb1 1/2-1/2

[Event "BCF-chT1a 0910 (4NCL)"]
[Site "England"]
[Date "2009.10.25"]
[Round "2.1"]
[White "Cooksey, Paul S"]
[Black "Rowson, Jonathan"]
[Result "0-1"]
[WhiteElo "2277"]
[BlackElo "2579"]
[PlyCount "58"]
[EventDate "2009.10.24"]
[EventType "team-tourn"]
[EventRounds "7"]
[EventCountry "ENG"]
[SourceTitle "EXT 2011"]
[Source "ChessBase"]
[SourceDate "2010.11.26"]
[SourceVersion "1"]
[SourceVersionDate "2010.11.26"]
[SourceQuality "1"]
[WhiteTeam "Guildford II"]
[BlackTeam "Pride and Prejudice"]
[WhiteTeamCountry "ENG"]
[BlackTeamCountry "ENG"]

1. d4 Nf6 2. Bg5 e6 3. Nd2 h6 4. Bh4 Nc6 5. c3 d6 6. e4 e5 7. Ngf3 exd4 8. Nxd4 Be7 9. Be2 Nxd4 10. Bxf6 Bxf6 11. cxd4 0-0 12. Nb3 c5 13. 0-0 cxd4 14. Bc4 Qb6 15. Qd3 Be6 16. Rfd1 Bxc4 17. Qxc4 Rfe8 18. Qd3 Rad8 19. f4 Qc6 20. Re1 Qa4 21. Rad1 Qxa2 22. Nxd4 Qxb2 23. Nf5 Qc3 24. Qb1 a5 25. Qxb7 a4 26. Qb5 a3 27. Nxd6 Re6 28. Nf5 Rxd1 29. Rxd1 a2 0-1

[Event "BCF-chT2c 0809 (4NCL) Promotion pool"]
[Site "Hinckley Island"]
[Date "2009.03.22"]
[Round "8.1"]
[White "Williams, Simon Kim"]
[Black "Cooksey, Paul S"]
[Result "1-0"]
[WhiteElo "2507"]
[BlackElo "2292"]
[PlyCount "73"]
[EventDate "2008.10.04"]
[EventType "team-tourn"]
[EventRounds "4"]
[EventCountry "ENG"]
[SourceTitle "EXT 2010"]
[Source "ChessBase"]
[SourceDate "2010.11.25"]
[SourceVersion "1"]
[SourceVersionDate "2010.11.25"]
[SourceQuality "1"]
[WhiteTeam "Jutes of Kent"]
[BlackTeam "Guildford III"]
[WhiteTeamCountry "ENG"]
[BlackTeamCountry "ENG"]

1. d4 d5 2. c4 c6 3. Nc3 Nf6 4. Nf3 dxc4 5. e4 b5 6. e5 Nd5 7. a4 h6 8. axb5 Nxc3 9. bxc3 cxb5 10. Ba3 Be6 11. Qb1 a6 12. Nd2 Bd5 13. Ne4 g6 14. h4 Nc6 15. h5 g5 16. Be2 b4 17. Bxb4 Nxb4 18. cxb4 Qb6 19. 0-0 Bg7 20. Ra5 Bxe4 21. Qxe4 Rc8 22. Rc5 0-0 23. Bxc4 Qxb4 24. Bxf7+ Kh8 25. Rxc8 Rxc8 26. Be6 Rd8 27. Qg6 Qb6 28. Rb1 Qc6 29. d5 Qe8 30. Bf7 Qf8 31. Qe6 a5 32. Rb7 Ra8 33. Rxe7 a4 34. d6 a3 35. Qg6 Qc8 36. Rc7 Qf8 37. Ba2 1-0

[Event "BCF-chT2b 0809 (4NCL)"]
[Site "Hinckley Island"]
[Date "2009.03.21"]
[Round "7.1"]
[White "Brown, Alan M"]
[Black "Cooksey, Paul S"]
[Result "0-1"]
[WhiteElo "2115"]
[BlackElo "2292"]
[PlyCount "94"]
[EventDate "2008.10.04"]
[EventType "team-tourn"]
[EventRounds "7"]
[EventCountry "ENG"]
[SourceTitle "EXT 2010"]
[Source "ChessBase"]
[SourceDate "2010.11.25"]
[SourceVersion "1"]
[SourceVersionDate "2010.11.25"]
[SourceQuality "1"]
[WhiteTeam "South Wales Dragons II"]
[BlackTeam "Guildford III"]
[WhiteTeamCountry "ENG"]
[BlackTeamCountry "ENG"]

1. Nf3 d5 2. d4 c6 3. c4 Nf6 4. cxd5 cxd5 5. Nc3 Nc6 6. Bf4 Ne4 7. e3 Nxc3 8. bxc3 g6 9. Bd3 Bg7 10. 0-0 0-0 11. Rb1 b6 12. c4 dxc4 13. Bxc4 Bb7 14. Qe2 Rc8 15. Rfd1 Qd7 16. Bb5 Qf5 17. Bg3 Na5 18. Bd3 Be4 19. Bxe4 Qxe4 20. Rbc1 Qb7 21. Be5 Bh6 22. Nd2 Qd5 23. Nb1 Nc4 24. Bg3 b5 25. Nc3 Qb7 26. Rb1 Nxe3 27. fxe3 Rxc3 28. Rxb5 Qa6 29. Bf2 Rfc8 30. Rb2 Qa3 31. h3 Bxe3 32. Bxe3 Rxe3 33. Qf2 Re6 34. Rb3 Qa4 35. Rdb1 Qc4 36. Rb4 Qd5 37. Rb5 Qe4 38. R5b2 a6 39. Rd1 Rd8 40. Rbd2 Rd5 41. Rb2 Kg7 42. Rbd2 h5 43. Qg3 h4 44. Qc3 Qe3+ 45. Qxe3 Rxe3 46. Kf2 Ra3 47. Rb1 e5 0-1

[Event "BCF-chT2b 0809 (4NCL)"]
[Site "Hinckley Island"]
[Date "2008.12.07"]
[Round "4.3"]
[White "Wallace, Paul Anthony"]
[Black "Cooksey, Paul S"]
[Result "1/2-1/2"]
[WhiteElo "2243"]
[BlackElo "2304"]
[PlyCount "37"]
[EventDate "2008.10.04"]
[EventType "team-tourn"]
[EventRounds "7"]
[EventCountry "ENG"]
[SourceTitle "EXT 2010"]
[Source "ChessBase"]
[SourceDate "2010.11.25"]
[SourceVersion "1"]
[SourceVersionDate "2010.11.25"]
[SourceQuality "1"]
[WhiteTeam "CHEDP"]
[BlackTeam "Guildford III"]
[WhiteTeamCountry "ENG"]
[BlackTeamCountry "ENG"]

1. e4 c6 2. d4 d5 3. Nc3 dxe4 4. Nxe4 Bf5 5. Ng3 Bg6 6. h4 h6 7. h5 Bh7 8. Nf3 e6 9. Bd3 Bxd3 10. Qxd3 Nf6 11. Bf4 c5 12. 0-0-0 Nc6 13. Ne4 cxd4 14. Nxd4 Nxd4 15. Qxd4 Qxd4 16. Rxd4 Nxe4 17. Rxe4 Bc5 18. f3 Rd8 19. Rd1 1/2-1/2

[Event "BCF-chT2b 0809 (4NCL)"]
[Site "Hinckley Island"]
[Date "2008.12.06"]
[Round "3.3"]
[White "Cooksey, Paul S"]
[Black "Thomas, Nicholas"]
[Result "1/2-1/2"]
[WhiteElo "2304"]
[BlackElo "2315"]
[PlyCount "54"]
[EventDate "2008.10.04"]
[EventType "team-tourn"]
[EventRounds "7"]
[EventCountry "ENG"]
[SourceTitle "EXT 2010"]
[Source "ChessBase"]
[SourceDate "2010.11.25"]
[SourceVersion "1"]
[SourceVersionDate "2010.11.25"]
[SourceQuality "1"]
[WhiteTeam "Guildford III"]
[BlackTeam "Warwicks Select"]
[WhiteTeamCountry "ENG"]
[BlackTeamCountry "ENG"]

1. d4 Nf6 2. Bg5 e6 3. Nd2 h6 4. Bh4 c5 5. e3 cxd4 6. exd4 Be7 7. Ngf3 b6 8. Bd3 Bb7 9. 0-0 0-0 10. Re1 Nc6 11. c3 Nd5 12. Bxe7 Ncxe7 13. Bf1 Nf6 14. a4 a6 15. Qb3 d6 16. Qa3 Qc7 17. Rec1 a5 18. Ne1 Rfd8 19. Nc2 Ne4 20. Nc4 Nd5 21. Re1 Ng5 22. h4 Nh7 23. Qb3 Nhf6 24. N2a3 Qc6 25. Qb5 Qc7 26. Qb3 Qc6 27. Qb5 Qc7 1/2-1/2